Antonio Sibellino
Sparad:
| Huvudupphovsman: | |
|---|---|
| Materialtyp: | Bok |
| Språk: | spanska |
| Publicerad: |
Buenos Aires
Arte Gaglianone
1988
|
| Ämnen: | |
| Taggar: |
Lägg till en tagg
Inga taggar, Lägg till första taggen!
|
MARC
| LEADER | 00000nam a2200000 a 4500 | ||
|---|---|---|---|
| 001 | UCV7675 | ||
| 003 | CL-VaPUC | ||
| 008 | 890531e19880000AG |||||||||||||||||spa|d | ||
| 082 | 0 | 4 | |a 730.92 |b ALV |2 21 |
| 100 | 0 | |a Alva Negri, Tomás |e author |9 301809 | |
| 245 | 1 | 0 | |a Antonio Sibellino |
| 300 | |a 123 p | ||
| 942 | |c BK | ||
| 945 | |d 19890531 00:00:00 | ||
| 260 | |a Buenos Aires |b Arte Gaglianone |c 1988 | ||
| 600 | 0 | 7 | |a SIBELLINO, ANTONIO |2 CL-VaPUC |9 265341 |
| 583 | |a last modification |c 19890531 00:00:00 |k Rodrigo Vera | ||
| 999 | |c 213318 |d 213316 | ||
| 952 | |0 0 |1 0 |4 0 |6 730_920000000000000_ALV_1988 |7 0 |8 A |9 195587 |a BIBARQ |b BIBARQ |d 2019-11-14 |i 2636115 |o 730.92 ALV 1988 |p 2636115 |r 2025-01-20 |w 2019-11-14 |y BK |k ARQ | ||